000 00794nam a2200265 u 4500
001 000004414
003 000004414
005 20180510112622.0
008 090630s2008 dr 000 f spa d
020 _z9789945111835
040 _aBPMSU
_bspa
_cBPMSU
082 0 4 _aRD863.5
_bA577c, 2008
100 1 _aAndújar, Rey Emmanuel,
_e1977-
245 1 0 _aCandela /
_cRey Emmanuel Andújar.
250 _a2a. ed.
260 _aSanto Domingo :
_bSantillana,
_c2008
_fBúho
300 _a148 p. ;
_c23 cm.
500 _aIncluye datos biográficos del autor en la solapa
650 4 _aNOVELA DOMINICANA
650 4 _aLITERATURA DOMINICANA
910 _aValidado. Control de calidad MFF
942 _2ddc
_cBK
945 _aInventariado, 2017 /VM
956 _aVMATEO
_b10
_c20150922
_lBPMSU
_h0069
999 _c7140
_d7140